Elementos de geografía de España.

Gespeichert in:
Bibliographische Detailangaben
1. Verfasser: Asian Peña, José L.
Format: Buch
Sprache:Spanisch
Erschienen: Barcelona : Bosch, 1949
Ausgabe:4ª ed.
Katalog:MANES:  Suchergebnis im Bibliothekskatalog
Schulbuchspezifische Eigenschaften:
Tags: Tag hinzufügen
Keine Tags, Fügen Sie den ersten Tag hinzu!
Hinzugefügt zu:09.02.2019
Geändert in:07.05.2025

MARC

LEADER 00000cam a2200000 4500
005 20250507134541.0
008 190210S1949 0espboa h 0000 00spa0d
040 |a uned  |b spa  |c entro-manes 
041 0 |a spa 
100 2 |a Asian Peña, José L.   |9 27146 
245 1 0 |a Elementos de geografía de España.  |d 2º curso de bachillerato (plan vigente)  |c José Luis Asián Peña 
250 |a 4ª ed. 
260 |a Barcelona :  |b Bosch,  |c 1949 
300 |a 217 p., [10] h. de map. :  |b il. 
546 |a España 
561 |5 es-BUNED  |3 L.T. 1837  |a España. Fondo Manes UNED  |k MANES 
690 0 |a GEO 
942 |2 ddc  |c BK 
999 |c 97047  |d 97047 
999 |c manes:97047  |d 97047